MARC details
| 000 -LEADER |
| fixed length control field |
02194cas a2200577 a 4500 |
| 001 - CONTROL NUMBER |
| control field |
14902828 |
| 003 - CONTROL NUMBER IDENTIFIER |
| control field |
OSt |
| 005 - DATE AND TIME OF LATEST TRANSACTION |
| control field |
20211102161148.0 |
| 008 - FIXED-LENGTH DATA ELEMENTS--GENERAL INFORMATION |
| fixed length control field |
070625c20079999ii tr p 0 a0eng |
| 010 ## - LIBRARY OF CONGRESS CONTROL NUMBER |
| LC control number |
2007389189 |
| 015 ## - NATIONAL BIBLIOGRAPHY NUMBER |
| National bibliography number |
99142879X |
| Source |
dnb |
| 016 7# - NATIONAL BIBLIOGRAPHIC AGENCY CONTROL NUMBER |
| Record control number |
2467367-5 |
| Source |
DE-600 |
| 016 7# - NATIONAL BIBLIOGRAPHIC AGENCY CONTROL NUMBER |
| Record control number |
99142879X |
| Source |
DE-101 |
| 022 0# - INTERNATIONAL STANDARD SERIAL NUMBER |
| International Standard Serial Number |
0973-7030 |
| ISSN-L |
0973-7030 |
| Source |
20 |
| 025 ## - OVERSEAS ACQUISITION NUMBER |
| Overseas acquisition number |
I-E-E-2007-389189; 69-90 |
| 035 ## - SYSTEM CONTROL NUMBER |
| System control number |
(OCoLC)ocn145463930 |
| 040 ## - CATALOGING SOURCE |
| Original cataloging agency |
DLC |
| Language of cataloging |
eng |
| Transcribing agency |
DLC |
| Modifying agency |
DLC |
| -- |
OCLCQ |
| -- |
GBVCP |
| -- |
OCLCO |
| -- |
OCLCQ |
| -- |
OCLCF |
| -- |
OCLCO |
| -- |
DLC |
| -- |
OCLCA |
| -- |
CUY |
| -- |
DLC |
| 042 ## - AUTHENTICATION CODE |
| Authentication code |
pcc |
| 043 ## - GEOGRAPHIC AREA CODE |
| Geographic area code |
a-ii--- |
| 050 00 - LIBRARY OF CONGRESS CALL NUMBER |
| Classification number |
HN684 |
| Item number |
.I53 |
| 210 1# - ABBREVIATED TITLE |
| Abbreviated title |
Indian j. hum. dev. |
| Qualifying information |
(Print) |
| 222 #0 - KEY TITLE |
| Key title |
Indian journal of human development |
| Qualifying information |
(Print) |
| 245 00 - TITLE STATEMENT |
| Title |
Indian journal of human development. |
| 260 ## - PUBLICATION, DISTRIBUTION, ETC. |
| Place of publication, distribution, etc. |
New Delhi : |
| Name of publisher, distributor, etc. |
Institute for Human Development, |
| Date of publication, distribution, etc. |
2007- |
| 264 31 - PRODUCTION, PUBLICATION, DISTRIBUTION, MANUFACTURE, AND COPYRIGHT NOTICE |
| Materials specified |
<April 2016-> : |
| Place of production, publication, distribution, manufacture |
Los Angeles ; |
| -- |
London ; |
| -- |
New Delhi : |
| Name of producer, publisher, distributor, manufacturer |
SAGE Publications |
| 300 ## - PHYSICAL DESCRIPTION |
| Extent |
volumes ; |
| Dimensions |
25 cm |
| 310 ## - CURRENT PUBLICATION FREQUENCY |
| Current publication frequency |
Tri-annually, |
| Date of current publication frequency |
<2016>- |
| 321 ## - FORMER PUBLICATION FREQUENCY |
| Former publication frequency |
Semiannual, |
| Dates of former publication frequency |
2007- |
| 336 ## - CONTENT TYPE |
| Content type term |
text |
| Content type code |
txt |
| Source |
rdacontent |
| 337 ## - MEDIA TYPE |
| Media type term |
unmediated |
| Media type code |
n |
| Source |
rdamedia |
| 338 ## - CARRIER TYPE |
| Carrier type term |
volume |
| Carrier type code |
nc |
| Source |
rdacarrier |
| 362 0# - DATES OF PUBLICATION AND/OR SEQUENTIAL DESIGNATION |
| Dates of publication and/or sequential designation |
Vol. 1, no. 1 (Jan. 2007)- |
| 588 ## - SOURCE OF DESCRIPTION NOTE |
| Source of description note |
Title from cover. |
| 650 #0 - SUBJECT ADDED ENTRY--TOPICAL TERM |
| Topical term or geographic name entry element |
Social indicators |
| Geographic subdivision |
India |
| Form subdivision |
Periodicals. |
| 9 (RLIN) |
9518 |
| 650 #0 - SUBJECT ADDED ENTRY--TOPICAL TERM |
| Topical term or geographic name entry element |
Economic indicators |
| Geographic subdivision |
India |
| Form subdivision |
Periodicals. |
| 9 (RLIN) |
9519 |
| 650 #0 - SUBJECT ADDED ENTRY--TOPICAL TERM |
| Topical term or geographic name entry element |
Quality of life |
| Geographic subdivision |
India |
| Form subdivision |
Periodicals. |
| 9 (RLIN) |
9520 |
| 650 #7 - SUBJECT ADDED ENTRY--TOPICAL TERM |
| Topical term or geographic name entry element |
Entwicklung. |
| Source of heading or term |
stw |
| 9 (RLIN) |
9521 |
| 650 #7 - SUBJECT ADDED ENTRY--TOPICAL TERM |
| Topical term or geographic name entry element |
Soziale Lage. |
| Source of heading or term |
stw |
| 9 (RLIN) |
9522 |
| 650 #7 - SUBJECT ADDED ENTRY--TOPICAL TERM |
| Topical term or geographic name entry element |
Entwicklungsländer. |
| Source of heading or term |
stw |
| 9 (RLIN) |
9523 |
| 650 #7 - SUBJECT ADDED ENTRY--TOPICAL TERM |
| Topical term or geographic name entry element |
Economic indicators. |
| Source of heading or term |
fast |
| Authority record control number or standard number |
(OCoLC)fst00901996 |
| 9 (RLIN) |
9524 |
| 650 #7 - SUBJECT ADDED ENTRY--TOPICAL TERM |
| Topical term or geographic name entry element |
Quality of life. |
| Source of heading or term |
fast |
| Authority record control number or standard number |
(OCoLC)fst01085009 |
| 9 (RLIN) |
9525 |
| 650 #7 - SUBJECT ADDED ENTRY--TOPICAL TERM |
| Topical term or geographic name entry element |
Social indicators. |
| Source of heading or term |
fast |
| Authority record control number or standard number |
(OCoLC)fst01122522 |
| 9 (RLIN) |
9526 |
| 651 #7 - SUBJECT ADDED ENTRY--GEOGRAPHIC NAME |
| Geographic name |
India. |
| Source of heading or term |
fast |
| Authority record control number or standard number |
(OCoLC)fst01210276 |
| 9 (RLIN) |
9527 |
| 655 #7 - INDEX TERM--GENRE/FORM |
| Genre/form data or focus term |
Periodicals. |
| Source of term |
fast |
| Authority record control number or standard number |
(OCoLC)fst01411641 |
| 9 (RLIN) |
9528 |
| 710 2# - ADDED ENTRY--CORPORATE NAME |
| Corporate name or jurisdiction name as entry element |
Institute for Human Development (New Delhi, India) |
| 9 (RLIN) |
9529 |
| 776 08 - ADDITIONAL PHYSICAL FORM ENTRY |
| Relationship information |
Online version: |
| Title |
Indian journal of human development |
| International Standard Serial Number |
2456-480X |
| Record control number |
(DLC) 2020204475 |
| -- |
(OCoLC)885203602 |
| 906 ## - LOCAL DATA ELEMENT F, LDF (RLIN) |
| a |
7 |
| b |
cbc |
| c |
serials |
| d |
3 |
| e |
ncip |
| f |
20 |
| g |
n-oclcserc |
| 942 ## - ADDED ENTRY ELEMENTS (KOHA) |
| Source of classification or shelving scheme |
Dewey Decimal Classification |
| Koha item type |
Periodicals |
| Serial record |
1 |